MARC details
| 000 -LEADER |
| fixed length control field |
01366cam a2200373 i 4500 |
| 001 - CONTROL NUMBER |
| control field |
200429368 |
| 003 - CONTROL NUMBER IDENTIFIER |
| control field |
TR-AnTOB |
| 005 - DATE AND TIME OF LATEST TRANSACTION |
| control field |
20260122152112.0 |
| 007 - PHYSICAL DESCRIPTION FIXED FIELD--GENERAL INFORMATION |
| fixed length control field |
ta |
| 008 - FIXED-LENGTH DATA ELEMENTS--GENERAL INFORMATION |
| fixed length control field |
991223s1999 tu a e 011 0 tur d |
| 020 ## - INTERNATIONAL STANDARD BOOK NUMBER |
| International Standard Book Number |
9756786051 |
| 040 ## - CATALOGING SOURCE |
| Original cataloging agency |
CANKA |
| Language of cataloging |
eng |
| Description conventions |
rda |
| Transcribing agency |
CANKA |
| Modifying agency |
OCLCQ |
| -- |
TVG |
| -- |
BGZ |
| -- |
TR-AnTOB |
| 041 ## - LANGUAGE CODE |
| Language code of text/sound track or separate title |
Türkçe |
| 050 #0 - LIBRARY OF CONGRESS CALL NUMBER |
| Classification number |
DR448 |
| 090 ## - LOCALLY ASSIGNED LC-TYPE CALL NUMBER (OCLC); LOCAL CALL NUMBER (RLIN) |
| Classification number (OCLC) (R) ; Classification number, CALL (RLIN) (NR) |
DR448 |
| Local cutter number (OCLC) ; Book number/undivided call number, CALL (RLIN) |
.O8 1999 |
| 110 2# - MAIN ENTRY--CORPORATE NAME |
| Corporate name or jurisdiction name as entry element |
Türkiye. |
| Subordinate unit |
Milli Savunma Bakanlığı |
| 9 (RLIN) |
117933 |
| 245 00 - TITLE STATEMENT |
| Title |
Osmanlı ordu teşkilatı / |
| Statement of responsibility, etc. |
Milli Savunma Bakanlığı ; hazırlayanlar Cengiz Eroğlu, Hülya Yarar, İ. Göktuğ Demiröz. |
| 264 #1 - PRODUCTION, PUBLICATION, DISTRIBUTION, MANUFACTURE, AND COPYRIGHT NOTICE |
| Place of production, publication, distribution, manufacture |
Ankara : |
| Name of producer, publisher, distributor, manufacturer |
Milli Savunma Bakanlığı, |
| Date of production, publication, distribution, manufacture, or copyright notice |
1999. |
| 300 ## - PHYSICAL DESCRIPTION |
| Extent |
294 pages : |
| Other physical details |
illustrations maps ; |
| Dimensions |
31 cm. |
| 336 ## - CONTENT TYPE |
| Content type term |
text |
| Source |
rdacontent |
| 337 ## - MEDIA TYPE |
| Media type term |
unmediated |
| Source |
rdamedia |
| 338 ## - CARRIER TYPE |
| Carrier type term |
volume |
| Source |
rdacarrier |
| 500 ## - GENERAL NOTE |
| General note |
"Osmanlı Devleti'nin 700'ncü Kuruluş Yıldönümü " |
| 504 ## - BIBLIOGRAPHY, ETC. NOTE |
| Bibliography, etc. note |
|
| 590 ## - LOCAL NOTE (RLIN) |
| Local note |
Donated by Levent Kuşoğlu |
| 610 #0 - SUBJECT ADDED ENTRY--CORPORATE NAME |
| Corporate name or jurisdiction name as entry element |
Türkiye. |
| Subordinate unit |
Ordu |
| General subdivision |
Tarih |
| 9 (RLIN) |
55025 |
| 651 #0 - SUBJECT ADDED ENTRY--GEOGRAPHIC NAME |
| Geographic name |
Türkiye |
| General subdivision |
Tarih, Askeri |
| 9 (RLIN) |
26368 |
| 700 ## - ADDED ENTRY--PERSONAL NAME |
| Personal name |
Demiröz, İ. Göktuğ |
| Relator term |
editor |
| 9 (RLIN) |
119597 |
|
| Personal name |
Yarar, Hülya |
| Relator term |
editor |
| 9 (RLIN) |
119598 |
|
| Personal name |
Eroğlu, Cengiz |
| Relator term |
editor |
| 9 (RLIN) |
40836 |
| 942 ## - ADDED ENTRY ELEMENTS (KOHA) |
| Source of classification or shelving scheme |
Library of Congress Classification |
| Koha item type |
Book |
| 947 ## - LOCAL PROCESSING INFORMATION (OCLC) |
| a |
2760327 |
| b |
146972 |
| c |
17 |
| d |
51 |
| e |
Bogazici Universitesi Kutuphanesi |
| f |
Bogazici |
| g |
2016-06-20 10:56:10 |